000 00878nam a22002417a 4500
001 113797
003 DR-UNIBE
005 20250630110258.0
008 250627b2015 dr ||||| |||| 00| 0 spa d
040 _aBIBLIOTECA UNIBE
_bspa
_cBIBLIOTECA UNIBE
_erda
041 _aspa
082 _aF-RD 5974
100 1 _aCivolani, Katy
_eautor
_9196778
245 1 0 _aConstruyendo la paz en la escuela :
_bcuidado y buen trato procesamiento positivo del conflicto /
_cKaty Civolani
260 _aSanto Domingo :
_bMinisterios de Educación (MINERD) :
_c2015
300 _a2 volúmenes
650 7 _2lemb
_aPersonal docente
650 7 _2lemb
_aEscuelas
700 1 _aMontás D´Oleo, Bertha Marcily
_ediseñador y diagramador
_9196779
700 1 _aCeballos, Rita Ma.
_ecoordinador y revisor
_9196757
700 1 _aAdames, Digna María
_ecoordinador y revisor
_9196780
942 _2ddc
_cMX
999 _c113797
_d113797